| 000 | 00355nam a22001457a 4500 | ||
|---|---|---|---|
| 003 | MACL | ||
| 005 | 20180426153604.0 | ||
| 008 | 180426b xxu||||| |||| 00| 0 eng d | ||
| 040 | _cMACL | ||
| 100 |
_aVikas Rahi _972349 |
||
| 245 | _aConcepts of Functions & Calcilus | ||
| 260 |
_aChennai _bMc Graw Hill _c2017 |
||
| 650 |
_aMaths _972350 |
||
| 942 |
_2ddc _cBK |
||
| 999 |
_c57942 _d57942 |
||